书目信息 |
| 题名: |
挑战自我
|
|
| 作者: | 王德元 , 克拉克 , 王文选 著 | |
| 分册: | ||
| 出版信息: | 成都 四川大学出版社 2008.09 |
|
| 页数: | 138页 | |
| 开本: | 22cm | |
| 丛书名: | ||
| 单 册: | ||
| 中图分类: | K836.115 | |
| 科图分类: | ||
| 主题词: | 奥运会--ao yun hui--优秀运动员--生平事迹--澳大利亚--现代 | |
| 电子资源: | ||
| ISBN: | 978-7-5614-4125-1 | |
| 000 | 01357nam0 2200289 450 | |
| 001 | 012009533382 | |
| 005 | 20090623163527.95 | |
| 010 | @a978-7-5614-4125-1@dCNY29.00 | |
| 100 | @a20090623d2008 em y0chi0120 ea | |
| 101 | 1 | @achi@aeng |
| 102 | @aCN@b510000 | |
| 105 | @aa z 000yy | |
| 106 | @ar | |
| 200 | 1 | @a挑战自我@Atiao zhan zi wo@e24位澳大利亚奥运健将的感人故事@d= Challenge within@e24 inspirational stories of Australian Olympians@f(澳) Dr. David Wang, Adrian Clarke, 王文选著@F(ao)Dr.David Wang,Adrian Clarke,wang wen xuan zhu@zeng |
| 210 | @a成都@c四川大学出版社@d2008.09 | |
| 215 | @a138页@c图@d22cm | |
| 314 | @a责任者(David)、(Clarke)规范汉译姓 : 王德元、克拉克 | |
| 330 | @a本书介绍了24位运动员的事迹,内容包括澳大利亚奥林匹克特奥选手、澳大利亚奥运老将、北京2008奥运会澳大利亚代表团的部分选手、澳大利亚冬奥运选手等。 | |
| 510 | 1 | @aChallenge within@e24 inspirational stories of Australian Olympians@zeng |
| 517 | 1 | @a24位澳大利亚奥运健将的感人故事@A24 wei ao da li ya ao yun jian jiang de gan ren gu shi |
| 606 | 0 | @a奥运会@Aao yun hui@x优秀运动员@x生平事迹@y澳大利亚@z现代 |
| 690 | @aK836.115@v4 | |
| 701 | 1 | @a王德元@Awang de yuan@g(David Wang, Dr.)@4著 |
| 701 | 1 | @a克拉克@Ake la ke@g(Clarke, Adrian)@4著 |
| 701 | 0 | @a王文选@Awang wen xuan@4著 |
| 801 | 0 | @aCN@bQSSK@c20090623 |
| 905 | @b748670-72@dK836.115@eW148@f3 | |
| 挑战自我:24位澳大利亚奥运健将的感人故事= Challenge within:24 inspirational stories of Australian Olympians/(澳) Dr. David Wang, Adrian Clarke, 王文选著.-成都:四川大学出版社,2008.09 |
| 138页:图;22cm |
| ISBN 978-7-5614-4125-1:CNY29.00 |
| 本书介绍了24位运动员的事迹,内容包括澳大利亚奥林匹克特奥选手、澳大利亚奥运老将、北京2008奥运会澳大利亚代表团的部分选手、澳大利亚冬奥运选手等。 |
| ● |
| 相关链接 |
|
|
|
正题名:挑战自我
索取号:K836.115/W148
 
预约/预借
| 序号 | 登录号 | 条形码 | 馆藏地/架位号 | 状态 | 备注 |
| 1 | 748670 | 207486709 | 社科库309/309社科库 2排1列6层/ [索取号:K836.115/W148] | 在馆 | |
| 2 | 748671 | 207486718 | 社科库309/309社科库 2排1列6层/ [索取号:K836.115/W148] | 在馆 | |
| 3 | 748672 | 207486727 | 社科库309/309社科库 2排1列6层/ [索取号:K836.115/W148] | 在馆 |